World Countries by 10 Category Elimination #2 - Statistics

General Stats
  • This quiz has been taken 71,336 times
  • The average score is 10 of 10
Answer Stats
Category Country % Correct
Has visible red on its flag
100%
Is not in the Americas
100%
Has a point East of Prime Meridian
99%
Has seven or fewer letters
99%
Has more than 5 million people
98%
Is located in Asia
98%
Doesn't border Saudi Arabia
97%
Is not in the Middle East
95%
Doesn't contain a "P"
93%
Is an island country Taiwan
76%
No matching quizzes found
Score Distribution
Percent of People with Each Score
Percentile by Number Answered
Your Score History
You have not taken this quiz